El cine en la edad dorada /
Đã lưu trong:
| Tác giả chính: | |
|---|---|
| Định dạng: | Sách |
| Ngôn ngữ: | Spanish |
| Được phát hành: |
[San José], Costa Rica :
Editorial Nuevas Perspectivas,
2016.
|
| Phiên bản: | Primera edición |
| Những chủ đề: | |
| Các nhãn: |
Thêm thẻ
Không có thẻ, Là người đầu tiên thẻ bản ghi này!
|
MARC
| LEADER | 00000nam a22000007a 4500 | ||
|---|---|---|---|
| 008 | 230809b |||||||| |||| 00| 0 spa d | ||
| 020 | |a 9789968677196 | ||
| 041 | |a spa | ||
| 082 | 0 | 4 | |a 791.43 |b R696c |
| 100 | 1 | |a Rodríguez Blanco, Rodolfo |d 1952- |e autor(a) | |
| 245 | 1 | 3 | |a El cine en la edad dorada / |c Rodolfo Rodríguez Blanco. |
| 250 | |a Primera edición | ||
| 260 | 1 | |a [San José], Costa Rica : |b Editorial Nuevas Perspectivas, |c 2016. | |
| 300 | |a VII, 205 páginas |b ilustraciones, fotografías | ||
| 650 | 1 | 4 | |a Películas cinematográficas |
| 650 | 1 | 4 | |a Guiones cinematográficos |
| 650 | 1 | 4 | |a Cine para adultos mayores |
| 650 | 1 | 4 | |a Vejez |
| 942 | |2 ddc |c BK |h 791.43 R696c |6 791_430000000000000_R696C | ||
| 999 | |c 22275 |d 22275 | ||



